| 000 | 00958cab a2200301 4500 | ||
|---|---|---|---|
| 001 | ABS49169 | ||
| 008 | 090401t1993 xxu||||| |||| 00| 0 eng d | ||
| 035 | _a(Sirsi) u70244 | ||
| 041 | _aeng | ||
| 100 | _aManning, J. | ||
| 245 | _aRight to buy and security of tenure | ||
| 260 | _c1993 | ||
| 350 | _a0 | ||
| 490 |
_aSolicitors` Journal _v137(31) 13 August 1993, 796-797(2) |
||
| 520 | _aExamines the recent case law which has clarified the right to buy legislation and discusses the measures which the tenant and the authority can take to protect their positions. | ||
| 650 | _aBRADFORD MDC V MCMAHON | ||
| 650 | _aDANCE V WELWYN DC | ||
| 650 | _aHOUSING ACT 1985 PART V | ||
| 650 | _aJENNINGS AND JENNINGS V EPPING FOREST DC | ||
| 650 | _aLB OF HARROW V TONGE | ||
| 650 | _aPOSSESSION | ||
| 650 | _aRIGHT TO BUY | ||
| 650 | _aSECURITY OF TENURE | ||
| 690 | _aHOUSING | ||
| 700 | _aDymond, A. | ||
| 942 | _n0 | ||
| 948 | _c04/03/1997 | ||
| 999 |
_c44179 _d44179 |
||